| 000 | 00814 a2200241 4500 | ||
|---|---|---|---|
| 003 | CBULib | ||
| 005 | 20240126101853.0 | ||
| 008 | 240123b |||||||| |||| 00| 0 eng d | ||
| 040 |
_aCBULib _bEnglish _cCBULib _dCBULib _erda |
||
| 041 | _aeng | ||
| 050 | _aCBU-PG THESIS/MUN | ||
| 100 |
_aMunalula, Monde _92143 |
||
| 245 |
_aEffects of training and developments on employee performance in the public health Sector _c/ by Monde Munalula |
||
| 260 |
_bCopperbelt University, _c2023 _aKitwe : |
||
| 300 | _aix ,74pages : illustrations | ||
| 336 |
_2rdacontent _aText | _btxt |
||
| 337 |
_2rdamedia _aUnmediated | _bn |
||
| 338 |
_2rdacarrier _aVolume _bnc |
||
| 500 | _aincludes bibliographical reference and appendices | ||
| 650 | 0 |
_91730 _aEMPLOYEE PERFORMANCE |
|
| 650 | 0 |
_9315 _aPUBLIC HEALTH |
|
| 942 |
_2mc _c030 |
||
| 999 |
_c84147 _d84147 |
||